| 000 | 00525nam a2200205 a 4500 | ||
|---|---|---|---|
| 001 | 83913 | ||
| 003 | BD-RjUL | ||
| 005 | 20240606111733.0 | ||
| 008 | 240606s1917 enk||||| |||| 00| 0 eng d | ||
| 035 | _a(BD-RjUL)83913 | ||
| 040 |
_aBD-RjUL _beng _cBD-RjUL |
||
| 041 | _aeng | ||
| 082 |
_223 _a823 _bCRE 1917 |
||
| 100 |
_aCross, Victoria _913340 |
||
| 245 |
_aEvelyn Hastings / _cVictoria Cross |
||
| 260 |
_aLondon : _bWerner Laurie, _c1917 |
||
| 300 |
_a157 p.; _c19 cm. |
||
| 650 | _aEnglish fiction | ||
| 942 |
_2ddc _cBK |
||
| 999 |
_c83913 _d83913 |
||